[Event "Golden Cleopatra op 3rd"]
[Site "Cairo"]
[Date "1999.04.16"]
[Round "6"]
[White "Beshara, Nadi"]
[Black "Aboudi, Marwan"]
[Result "1-0"]
[WhiteElo "2249"]
[BlackElo "2244"]
[PlyCount "63"]
[EventDate "1999.04.11"]
[Source "ChessBase"]
[SourceDate "1999.05.10"]

1. e4 e5 2. Nf3 Nc6 3. Bc4 Nf6 4. Ng5 d5 5. exd5 Nd4 6. d6 Qxd6 7. Nc3 Qc6 8. Bf1 Bg4 9. f3 Bh5 10. Bd3 Bc5 11. Nge4 Bb6 12. b4 O-O 13. a4 a5 14. b5 Qe6 15. Ba3 Nxe4 16. Bxe4 Rfd8 17. Ne2 f5 18. Bxb7 Rab8 19. Bc6 e4 20. Rf1 exf3 21. Bxf3 Bxf3 22. gxf3 Nxe2 23. Qxe2 Qf6 24. Qc4+ Kh8 25. c3 Qh6 26. O-O-O Rxd2 27. Rxd2 Be3 28. Qe2 Rd8 29. Rfd1 f4 30. Kb2 Re8 31. Rd8 Qe6 32. Qd3 1-0

[Event "ROM-ch sf"]
[Site "Tusnad"]
[Date "2000.??.??"]
[Round "7"]
[White "Raut, Cristian"]
[Black "Biro, Sandor"]
[Result "1-0"]
[WhiteElo "2126"]
[BlackElo "2339"]
[PlyCount "63"]
[EventDate "2000.05.??"]
[Source "www.chesslib.no"]
[SourceDate "2004.05.04"]

1. e4 e5 2. Nf3 Nc6 3. Bc4 Nf6 4. Ng5 d5 5. exd5 Nd4 6. c3 b5 7. Bf1 Nxd5 8. Ne4 Qh4 9. Ng3 Bg4 10. f3 O-O-O 11. cxd4 exd4 12. Bxb5 Rd6 13. fxg4 Re6+ 14. Kf1 h5 15. Nf5 Qf6 16. Qa4 Nb6 17. Qxd4 Re5 18. Ba6+ Kb8 19. Qf2 hxg4 20. Ng3 Qc6 21. Nc3 Nc4 22. d4 Re6 23. d5 Nd2+ 24. Bxd2 Qxa6+ 25. Kg1 Rf6 26. Qe3 Bd6 27. Rf1 Rxf1+ 28. Nxf1 g3 29. Nxg3 Qc4 30. Nge4 Be5 31. Qe2 Bd4+ 32. Kf1 1-0

[Event "XIV Open Belisce Metalis"]
[Site "Bizovac CRO"]
[Date "2007.02.23"]
[Round "4"]
[White "Ivankovic, S."]
[Black "Messing, H."]
[Result "0-1"]
[WhiteElo "2117"]
[BlackElo "2347"]
[PlyCount "74"]
[EventDate "2007.02.22"]
[Source "www.chesslib.no"]
[SourceDate "2004.05.04"]

1. e4 e5 2. Nf3 Nc6 3. Bc4 Nf6 4. Ng5 d5 5. exd5 Nd4 6. c3 b5 7. cxd4 bxc4 8. Qa4+ Qd7 9. Qxd7+ Bxd7 10. dxe5 Nxd5 11. O-O Bf5 12. a3 h6 13. Nf3 Bd3 14. Re1 Bc5 15. Nc3 O-O-O 16. Ne4 Bb6 17. Nc3 Rhe8 18. Na4 f6 19. Nxb6+ Nxb6 20. a4 Nd7 21. exf6 gxf6 22. b4 cxb3 23. Bb2 c5 24. a5 Kb7 25. h3 c4 26. a6+ Kc7 27. Rec1 Ne5 28. Ne1 Kb6 29. Ra4 Kb5 30. Rca1 Nc6 31. R4a3 Rd6 32. Rc1 Nd4 33. Nxd3 Ne2+ 34. Kh2 Rxd3 35. Re1 Rxd2 36. Bxf6 Kb4 37. Raa1 b2 0-1

[Event "Budapest FS08 IM-B"]
[Site "Budapest"]
[Date "2000.08.05"]
[Round "1"]
[White "Malada, Vinko"]
[Black "Karacsony, Attila"]
[Result "1-0"]
[WhiteElo "2188"]
[BlackElo "2274"]
[PlyCount "41"]
[EventDate "2000.08.05"]
[Source "ChessBase"]
[SourceDate "2000.09.14"]

1. e4 e5 2. Nf3 Nc6 3. Bc4 Nf6 4. Ng5 d5 5. exd5 Nd4 6. c3 Nf5 7. d4 exd4 8. O-O Bd6 9. Re1+ Kf8 10. cxd4 h6 11. Nf3 Ne7 12. Nc3 a6 13. Ne5 b5 14. Bb3 Bb7 15. Qf3 b4 16. Ne4 Bxe5 17. dxe5 Nfxd5 18. Nc5 Bc8 19. e6 f6 20. Bxd5 Qxd5 21. Rd1 1-0

[Event "Seefeld op 9th"]
[Site "Seefeld"]
[Date "1998.??.??"]
[Round "1"]
[White "Cieza Vega, Arcadio"]
[Black "Sielaff, Rudolf"]
[Result "1-0"]
[WhiteElo "2385"]
[BlackElo "2075"]
[PlyCount "83"]
[EventDate "1998.??.??"]
[Source "www.chesslib.no"]
[SourceDate "2004.05.04"]

1. e4 e5 2. Nf3 Nc6 3. Bc4 Nf6 4. Ng5 d5 5. exd5 Nd4 6. d6 Qxd6 7. Bxf7+ Ke7 8. Bb3 h6 9. Nf3 Bg4 10. Nxd4 exd4 11. f3 Bh5 12. d3 Re8 13. O-O Kd8 14. Re1 Nd5 15. Rxe8+ Bxe8 16. Bxd5 Qxd5 17. Nd2 g5 18. Ne4 Bg7 19. Bd2 Bd7 20. c4 Qf5 21. Qb3 Bc6 22. Qa3 a6 23. Qa5 Qxa5 24. Bxa5 b6 25. Be1 Rf8 26. h3 Be5 27. Bd2 Rf5 28. b4 Bd7 29. a4 c6 30. Kf2 Bc8 31. Ke2 Bc7 32. g4 Rf7 33. Rh1 b5 34. axb5 axb5 35. cxb5 cxb5 36. h4 Bf4 37. hxg5 Bxd2 38. Nxd2 hxg5 39. Rh8+ Kc7 40. Rg8 Rh7 41. Rxg5 Rh2+ 42. Kd1 1-0

[Event "HUN Team Ch"]
[Site "HUN"]
[Date "1993.??.??"]
[Round "?"]
[White "Berecz, Arpad"]
[Black "Schepp, Zoltan"]
[Result "1-0"]
[WhiteElo "2215"]
[BlackElo "2240"]
[PlyCount "85"]
[EventDate "1993.??.??"]
[Source "www.chesslib.no"]
[SourceDate "2004.05.04"]

1. e4 e5 2. Nf3 Nc6 3. Bc4 Nf6 4. Ng5 d5 5. exd5 Nd4 6. c3 b5 7. Bf1 Nxd5 8. Ne4 Qh4 9. Ng3 Bg4 10. f3 Nf5 11. Bxb5+ Kd8 12. O-O Nxg3 13. hxg3 Qxg3 14. Qe1 Qxe1 15. Rxe1 Bd7 16. Bxd7 Kxd7 17. Rxe5 c6 18. d4 Bd6 19. Re1 Bg3 20. Rd1 Rhe8 21. c4 Ne3 22. Bxe3 Rxe3 23. Nc3 f5 24. d5 c5 25. Na4 Kd6 26. a3 Rb3 27. Rd2 Re8 28. Nc3 a6 29. Kf1 Reb8 30. Na4 Bf4 31. Re2 Be3 32. Rae1 f4 33. g3 g5 34. Kg2 h5 35. Rh1 Rh8 36. Nc3 Ke5 37. Ne4 Kd4 38. Nxg5 fxg3 39. Rd1+ Rd3 40. Ne6+ Kxc4 41. Rc2+ Kb3 42. Rxd3+ Kxc2 43. Rxe3 1-0

[Event "Wch U14 Disney"]
[Site "Wch U14 Disney"]
[Date "1995.??.??"]
[Round "6"]
[White "Fressinet, Laurent"]
[Black "Vajda, Levente"]
[Result "0-1"]
[WhiteElo "2135"]
[BlackElo "2320"]
[PlyCount "65"]
[EventDate "1995.??.??"]
[Source "www.chesslib.no"]
[SourceDate "2004.05.04"]

1. e4 e5 2. Nf3 Nc6 3. Bc4 Nf6 4. Ng5 d5 5. exd5 Nd4 6. c3 b5 7. Bf1 Nxd5 8. Ne4 Ne6 9. Bxb5+ Bd7 10. Bxd7+ Qxd7 11. O-O Ndf4 12. d4 Qd5 13. Qf3 f5 14. Bxf4 Nxf4 15. Ng3 Qxf3 16. gxf3 exd4 17. cxd4 g6 18. Re1+ Kd7 19. Nc3 Bb4 20. a3 Bxc3 21. bxc3 Rhe8 22. Kf1 Rxe1+ 23. Kxe1 Rb8 24. Ra2 Rb1+ 25. Kd2 h5 26. Ne2 Nxe2 27. Kxe2 Rh1 28. Rb2 Rxh2 29. Rb1 g5 30. Rg1 g4 31. c4 Rh3 32. Rg3 Rh1 33. fxg4 0-1

[Event "HUN-chT 0102"]
[Site "?"]
[Date "2001.09.30"]
[Round "1"]
[White "Berenyi Tamas"]
[Black "Vajda Szidonia"]
[Result "1/2-1/2"]
[WhiteElo "2126"]
[BlackElo "2322"]
[PlyCount "39"]
[EventDate "2001.??.??"]
[Source "www.chesslib.no"]
[SourceDate "2004.05.04"]

1. e4 e5 2. Nf3 Nc6 3. Bc4 Nf6 4. Ng5 d5 5. exd5 Nd4 6. c3 b5 7. cxd4 bxc4 8. Qa4+ Nd7 9. Qc6 Qxg5 10. Qxa8 Qxg2 11. Qxc8+ Ke7 12. Rf1 Qe4+ 13. Kd1 Qf3+ 14. Ke1 exd4 15. Qxc7 Qe4+ 16. Kd1 Qf3+ 17. Ke1 Qe4+ 18. Kd1 Qf3+ 19. Ke1 Qe4+ 20. Kd1 1/2-1/2

[Event "9. Taca BCX"]
[Site "?"]
[Date "2005.09.08"]
[Round "6"]
[White "Lucena Lincoln"]
[Black "Marra Eduardo da Costa"]
[Result "1/2-1/2"]
[WhiteElo "2184"]
[BlackElo "2262"]
[PlyCount "112"]
[EventDate "2005.??.??"]
[Source "www.chesslib.no"]
[SourceDate "2004.05.04"]

1. e4 e5 2. Nf3 Nc6 3. Bc4 Nf6 4. Ng5 d5 5. exd5 Nd4 6. c3 b5 7. Bf1 Nxd5 8. Ne4 Qh4 9. Ng3 Bg4 10. f3 e4 11. cxd4 Bd6 12. Bxb5+ Kd8 13. O-O exf3 14. Rxf3 Rb8 15. Bf1 Re8 16. Nc3 Bxf3 17. Qxf3 Qxd4+ 18. Kh1 Nf6 19. Nf5 Qe5 20. Nxd6 Qxd6 21. d4 Qe6 22. Bg5 Rxb2 23. Bb5 c6 24. d5 Qe5 25. Bf4 Qh5 26. Bxc6 Ng4 27. Bxe8 Nf2+ 28. Kg1 Qxf3 29. gxf3 Nh3+ 30. Kh1 Nxf4 31. Bxf7 Ke7 32. Be6 Rc2 33. Nb5 a6 34. Nd4 Rd2 35. Nb3 Rb2 36. h4 Nh5 37. Re1 Ng3+ 38. Kg1 Rxa2 39. Nd4 Kf6 40. Bh3 Rd2 41. Re6+ Kf7 42. Nb3 Rxd5 43. Rxa6 Ne2+ 44. Kf2 Nf4 45. Bf1 Rd7 46. Bc4+ Ke7 47. Ke3 Ng2+ 48. Ke4 Nxh4 49. Re6+ Kf8 50. Nc5 Re7 51. f4 Ng6 52. Rxe7 Kxe7 53. f5 Nh4 54. Ke5 Nf3+ 55. Kf4 Nd2 56. Bb5 g6 1/2-1/2

[Event "Bad Wiessee (10.05.-18.05)"]
[Site "?"]
[Date "2003.05.10"]
[Round "1"]
[White "Hoeller Werner"]
[Black "Bade Heidrun"]
[Result "1-0"]
[WhiteElo "2153"]
[BlackElo "2281"]
[PlyCount "65"]
[EventDate "2003.??.??"]
[Source "www.chesslib.no"]
[SourceDate "2004.05.04"]

1. e4 e5 2. Nf3 Nc6 3. Bc4 Nf6 4. Ng5 d5 5. exd5 Nd4 6. c3 b5 7. Bf1 Nxd5 8. Ne4 Qh4 9. Ng3 Nc6 10. Bxb5 Bd7 11. Qf3 Nde7 12. Na3 Qf6 13. Qe2 g6 14. O-O Bg7 15. d3 O-O 16. Ne4 Qf5 17. f4 Qg4 18. Qf2 Rad8 19. h3 Qh5 20. Be3 exf4 21. Bxf4 Nd5 22. Bd2 Kh8 23. Rae1 Ne5 24. Ng3 Qh4 25. Re4 Qf6 26. Qxf6 Bxf6 27. Rxf6 Nxf6 28. Rxe5 Bxb5 29. Nxb5 Rxd3 30. Be3 Nd5 31. Bd4 f6 32. Rxd5 Rxg3 33. Nxc7 1-0

[Event "17. Belgrade Trophy"]
[Site "?"]
[Date "2004.11.30"]
[Round "9"]
[White "Andrejic Vladica"]
[Black "Lundin Jan"]
[Result "1/2-1/2"]
[WhiteElo "2133"]
[BlackElo "2299"]
[PlyCount "92"]
[EventDate "2004.??.??"]
[Source "www.chesslib.no"]
[SourceDate "2004.05.04"]

1. e4 e5 2. Nf3 Nc6 3. Bc4 Nf6 4. Ng5 d5 5. exd5 Nd4 6. c3 b5 7. Bf1 Nxd5 8. Ne4 Ne6 9. Bxb5+ Bd7 10. Bxd7+ Qxd7 11. O-O Be7 12. d4 exd4 13. cxd4 O-O 14. Nbc3 Rfd8 15. Be3 Nxc3 16. Nxc3 Nxd4 17. Bxd4 Qxd4 18. Qxd4 Rxd4 19. Rfd1 Bc5 20. Rxd4 Bxd4 21. Rd1 Be5 22. Rd5 Re8 23. Kf1 Kf8 24. g3 Re6 25. f4 Bxc3 26. bxc3 Rc6 27. Rd3 Ke7 28. Ke2 Rh6 29. h4 Ra6 30. Rd2 h5 31. Rb2 Kd7 32. Kd3 Rg6 33. Rg2 Rd6+ 34. Kc4 Re6 35. Rd2+ Kc6 36. Rd3 Re2 37. a3 Rg2 38. Kb4 Kb6 39. Kc4 Kc6 40. Kb4 Rb2+ 41. Kc4 Rb5 42. Re3 Rc5+ 43. Kb4 a5+ 44. Kb3 Kd6 45. c4 f6 46. Kc3 Kd7 1/2-1/2

[Event "Campionato Americano 2007"]
[Site "Cali COL"]
[Date "2007.07.17"]
[Round "8.49"]
[White "Barros, Raul Junior"]
[Black "Valderrama, E Gilberto"]
[Result "0-1"]
[WhiteElo "2117"]
[BlackElo "2308"]
[PlyCount "44"]
[EventDate "2007.07.10"]
[Source "www.chesslib.no"]
[SourceDate "2004.05.04"]

1. e4 e5 2. Nf3 Nc6 3. Bc4 Nf6 4. Ng5 d5 5. exd5 Nd4 6. c3 b5 7. Bd3 Nxd5 8. cxd4 Qxg5 9. Bxb5+ Kd8 10. Qf3 exd4 11. Bc6 Nf4 12. Bxa8 Bg4 13. Qe4 Bd6 14. Bc6 Bf5 15. Qxd4 Qg4 16. Qe3 Nd3+ 17. Qxd3 Bxd3 18. Nc3 Re8+ 19. Bxe8 Kxe8 20. g3 Qf3 21. Rf1 Qg2 22. Ne2 Qe4 0-1

[Event "Politiken Cup"]
[Site "Copenhagen"]
[Date "1996.??.??"]
[Round "11"]
[White "Lilja, Richard"]
[Black "Pedersen, Daniel Vesterbaek"]
[Result "1/2-1/2"]
[WhiteElo "2170"]
[BlackElo "2250"]
[PlyCount "127"]
[EventDate "1996.06.??"]
[Source "ChessBase"]

1. e4 e5 2. Nf3 Nc6 3. Bc4 Nf6 4. Ng5 d5 5. exd5 Nd4 6. c3 b5 7. Bf1 Nxd5 8. cxd4 Qxg5 9. Nc3 Bb7 10. Bxb5+ Kd8 11. Be2 exd4 12. Nxd5 Bxd5 13. Bf3 Qe5+ 14. Qe2 Qxe2+ 15. Kxe2 d3+ 16. Kxd3 Bxf3 17. gxf3 Bc5 18. Rg1 g6 19. b3 Bxf2 20. Rg2 Bh4 21. Bb2 Re8 22. Rg4 Be7 23. Be5 Ba3 24. Bf6+ Kd7 25. Re4 Bd6 26. h3 Re6 27. Bd4 a6 28. Rae1 Rae8 29. Kc4 f5 30. R4e3 Bg3 31. Rxe6 Rxe6 32. Rxe6 Kxe6 33. Be3 f4 34. Bc5 g5 35. b4 c6 36. a4 h5 37. Bd4 Be1 38. Kd3 Kd5 39. Bg7 Bg3 40. Bh6 Bh4 41. Kc3 g4 42. hxg4 hxg4 43. fxg4 Ke4 44. b5 Bf6+ 45. Kc2 f3 46. d3+ Kd5 47. bxc6 Kxc6 48. Kd2 Bd4 49. g5 f2 50. Ke2 Be3 51. Bg7 Bxg5 52. Kxf2 Kc5 53. Bc3 Kd5 54. Kf3 Bc1 55. Kg4 Be3 56. Kf3 Bg1 57. Ke2 Bc5 58. Kd2 Bg1 59. Kc2 Bf2 60. Kb3 Bc5 61. Bb4 Bf2 62. Ba5 Bc5 63. Kc3 Bf2 64. Kb3 1/2-1/2

[Event "Sportland-NRW-Cup"]
[Site "Senden"]
[Date "1999.??.??"]
[Round "1"]
[White "Diehl, Klaus"]
[Black "Pedersen, Daniel Vesterbaek"]
[Result "1/2-1/2"]
[WhiteElo "2095"]
[BlackElo "2310"]
[PlyCount "114"]
[EventDate "1999.10.??"]
[Source "www.chesslib.no"]
[SourceDate "2004.05.04"]

1. e4 e5 2. Nf3 Nc6 3. Bc4 Nf6 4. Ng5 d5 5. exd5 Nd4 6. c3 b5 7. Bf1 Nxd5 8. d3 Ne6 9. Nxe6 Bxe6 10. g3 g6 11. Bg2 Rb8 12. O-O Bg7 13. Nd2 O-O 14. Ne4 Nb6 15. Bg5 f6 16. Be3 Bd5 17. Re1 f5 18. Ng5 h6 19. Nf3 Qd6 20. b4 Rfe8 21. Rc1 Rbd8 22. Re2 a6 23. Rd2 Na4 24. a3 f4 25. gxf4 exf4 26. Bd4 Bxd4 27. cxd4 Re7 28. Re2 Rde8 29. Rxe7 Rxe7 30. Ne5 Bxg2 31. Kxg2 Qxd4 32. Nc6 Qd5+ 33. Qf3 Qxf3+ 34. Kxf3 Re6 35. Nd4 Rd6 36. Ke4 Rd7 37. Rc6 Kf7 38. Nf3 Rd6 39. Rxc7+ Ke6 40. Ne5 g5 41. d4 h5 42. Rg7 Nc3+ 43. Kd3 Nd1 44. Rxg5 Nxf2+ 45. Ke2 Ne4 46. Rxh5 Rxd4 47. Nf3 Nc3+ 48. Kf2 Rd1 49. Rh6+ Kd5 50. Rxa6 Ra1 51. Ng5 Ra2+ 52. Kf3 Rxh2 53. Kxf4 Kc4 54. Nf3 Nd5+ 55. Kg3 Ra2 56. Rc6+ Kb3 57. Nd4+ Kxa3 1/2-1/2

[Event "Hong Kong zt"]
[Site "Hong Kong"]
[Date "1972.??.??"]
[Round "7"]
[White "Kan Wai Shui"]
[Black "Sampouw, Jacobus S"]
[Result "0-1"]
[WhiteElo "2200"]
[BlackElo "2200"]
[PlyCount "62"]
[EventDate "1972.??.??"]
[Source "www.chesslib.no"]
[SourceDate "2004.05.04"]

1. e4 e5 2. Nf3 Nc6 3. Bc4 Nf6 4. Ng5 d5 5. exd5 Nd4 6. d6 Qxd6 7. Bxf7+ Ke7 8. c3 h6 9. cxd4 hxg5 10. Qb3 exd4 11. d3 Bd7 12. Kd1 Rxh2 13. Rxh2 Qxh2 14. Bd2 Qxg2 15. Na3 a5 16. Rc1 Kd8 17. Qc4 Qf3+ 18. Kc2 Qxf2 19. Nb5 Bb4 20. Rd1 Ra6 21. Qxc7+ Ke7 22. Bc4 Ng4 23. Kc1 Bxd2+ 24. Rxd2 Qf1+ 25. Rd1 Qf4+ 26. Qxf4 gxf4 27. Nxd4 Rd6 28. Re1+ Kf6 29. Nb5 Bxb5 30. Bxb5 Ne5 31. Kc2 Nc6 0-1

[Event "URS-ch otbor"]
[Site "Cheliabinsk"]
[Date "1975.??.??"]
[Round "?"]
[White "Lopukhin, A."]
[Black "Semeniuk, Alexander A"]
[Result "0-1"]
[WhiteElo "2200"]
[BlackElo "2200"]
[PlyCount "100"]
[EventDate "1975.??.??"]
[Source "ChessBase"]

1. e4 e5 2. Nf3 Nc6 3. Bc4 Nf6 4. Ng5 d5 5. exd5 Nd4 6. c3 b5 7. Bf1 Nxd5 8. Ne4 Qh4 9. Ng3 Bg4 10. f3 e4 11. cxd4 Bd6 12. Bxb5+ Kd8 13. O-O exf3 14. Rxf3 Rb8 15. Be2 Bxf3 16. Bxf3 Qxd4+ 17. Kh1 Bxg3 18. hxg3 Rb6 19. d3 Ne3 20. Bxe3 Qxe3 21. Bg4 h5 22. Bh3 g5 23. Nd2 g4 24. Nc4 Qxg3 25. Nxb6 gxh3 26. Qf3 hxg2+ 27. Qxg2 Qxg2+ 28. Kxg2 cxb6 29. Kh3 Re8 30. Rf1 Re3+ 31. Kh4 Ke7 32. Kxh5 Ke6 33. Kg5 Rg3+ 34. Kf4 Rxd3 35. Re1+ Kf6 36. Rc1 Rd4+ 37. Ke3 Ra4 38. a3 Ke5 39. Rc8 f5 40. Re8+ Kd5 41. Kd3 Rd4+ 42. Kc3 Rc4+ 43. Kd3 Rc7 44. Rf8 Ke5 45. Ke3 Rc2 46. Re8+ Kd5 47. Ra8 a5 48. b4 Rc3+ 49. Kf4 Rxa3 50. bxa5 Rxa5 0-1

[Event "Nice ol (Men)"]
[Site "Nice FRA"]
[Date "1974.??.??"]
[Round "3"]
[White "Milbers, Paul"]
[Black "Bademian Orchanian, Jose"]
[Result "1-0"]
[WhiteElo "2200"]
[BlackElo "2200"]
[PlyCount "67"]
[EventDate "1974.06.06"]
[Source "www.chesslib.no"]
[SourceDate "2004.05.04"]

1. e4 e5 2. Nf3 Nc6 3. Bc4 Nf6 4. Ng5 d5 5. exd5 Nd4 6. d6 Qxd6 7. d3 Ne6 8. Nxe6 Bxe6 9. Bxe6 Qxe6 10. O-O O-O-O 11. Qf3 Bc5 12. Be3 Bd4 13. Nc3 Bxc3 14. bxc3 e4 15. Qe2 Qa6 16. c4 Rhe8 17. Rfb1 exd3 18. cxd3 Rd6 19. Rb3 Re5 20. Qf3 Ra5 21. Rab1 Rxa2 22. Rxb7 Ra1 23. Qf5+ Re6 24. Rb8+ Kd7 25. g3 g6 26. Qc5 Rxb1+ 27. Rxb1 Rd6 28. Bf4 Qa2 29. Rb7 Rc6 30. Rxc7+ Rxc7 31. Qxc7+ Ke6 32. Qd6+ Kf5 33. Qe5+ Kg4 34. Kg2 1-0

[Event "Caorle Open"]
[Site "Caorle ITA"]
[Date "1988.??.??"]
[Round "2"]
[White "Pagnutti, Lorenzo"]
[Black "Becx, Cesar"]
[Result "1-0"]
[WhiteElo "2060"]
[BlackElo "2330"]
[PlyCount "55"]
[EventDate "1988.??.??"]
[Source "www.chesslib.no"]
[SourceDate "2004.05.04"]

1. e4 e5 2. Nf3 Nc6 3. Bc4 Nf6 4. Ng5 d5 5. exd5 Nd4 6. c3 b5 7. Bf1 h6 8. cxd4 hxg5 9. Bxb5+ Bd7 10. Qe2 Be7 11. d6 cxd6 12. dxe5 dxe5 13. Nc3 Rb8 14. Bxd7+ Nxd7 15. O-O Rb4 16. g3 Rb6 17. d4 Rbh6 18. h4 R6h7 19. dxe5 gxh4 20. g4 O-O 21. Bf4 f5 22. Rad1 Qe8 23. Qd2 Qg6 24. g5 Nb6 25. Kh2 Rh5 26. Rg1 Rd8 27. Qxd8+ Bxd8 28. Rxd8+ 1-0

[Event "ROM-ch sf"]
[Site "Tusnad"]
[Date "2000.??.??"]
[Round "4"]
[White "Carmaciu, Catalin Lucian"]
[Black "Fugulyan, Gergely"]
[Result "1-0"]
[WhiteElo "2284"]
[BlackElo "2094"]
[PlyCount "54"]
[EventDate "2000.05.??"]
[Source "www.chesslib.no"]
[SourceDate "2004.05.04"]

1. e4 e5 2. Nf3 Nc6 3. Bc4 Nf6 4. Ng5 d5 5. exd5 Nd4 6. c3 b5 7. cxd4 bxc4 8. Qa4+ Bd7 9. Qxc4 h6 10. dxe5 hxg5 11. exf6 Qxf6 12. Nc3 Bd6 13. d3 Rh4 14. Qb3 Kf8 15. Be3 Bb4 16. O-O-O Bxc3 17. Qxc3 Qxc3+ 18. bxc3 Ra4 19. Rd2 Ra5 20. c4 f6 21. Rb2 Bf5 22. Kd2 Rd8 23. Rc1 c6 24. dxc6 Rxd3+ 25. Ke1 Rd8 26. Rb5 Rxb5 27. cxb5 Rb8 1-0

[Event "Techirghiol op"]
[Site "?"]
[Date "1999.??.??"]
[Round "?"]
[White "Barzanu Iulian"]
[Black "Moscaliuc Alexandru"]
[Result "0-1"]
[WhiteElo "2145"]
[BlackElo "2231"]
[PlyCount "96"]
[EventDate "1999.??.??"]
[Source "www.chesslib.no"]
[SourceDate "2004.05.04"]

1. e4 e5 2. Nf3 Nc6 3. Bc4 Nf6 4. Ng5 d5 5. exd5 Nd4 6. c3 b5 7. cxd4 bxc4 8. dxe5 Nxd5 9. Qa4+ Bd7 10. Qxc4 Qxg5 11. Qxd5 c6 12. Qe4 Rc8 13. O-O Bf5 14. Qe3 Qg6 15. Nc3 Be7 16. d4 O-O 17. Qg3 Qe6 18. Bg5 f6 19. Be3 Rb8 20. b3 Ba3 21. Rad1 a5 22. Bf4 Rbd8 23. Rfe1 Bb4 24. exf6 Qxf6 25. Bg5 Qf7 26. Bxd8 Rxd8 27. Re3 h6 28. Ne4 c5 29. f3 cxd4 30. Red3 Qe6 31. Rxd4 Rxd4 32. Rxd4 Qb6 33. Qe5 Bxe4 34. Qe8+ Bf8 35. Qxe4 Bc5 36. Qe8+ Kh7 37. Qe4+ g6 38. Kf1 Bxd4 39. Qe7+ Bg7 40. Qe2 Qc7 41. g3 Qc1+ 42. Qe1 Qxe1+ 43. Kxe1 Kg8 44. Kd1 Kf7 45. Kc2 Ke6 46. a3 Kd5 47. Kd3 Bb2 48. b4 a4 0-1